Základy didaktiky vlastivedy /

Hlavní autor: Kancír, Ján
Korporativní autor: Prešovská univerzita. Fakulta humanitných a prírodných vied
Další autoři: Madziková, Alena
Jazyk: Slovenština
Vydáno: Prešov : Prešovská univerzita, 1999
Vydání: 1. vyd.
Edice: Vysokoškolské učebné texty
Témata:
Fyzický popis: 153 s. : il. ; 21 cm
Knihy
Uloženo v:
LEADER 01468nam a2200373 a 4500
001 000463406
003 CZ BrMZK
005 20210126164924.0
007 ta
008 010907s1999 xo e p 0 slo d
020 |a 80-88722-57-8 
040 |a BOA001  |b cze 
072 7 |a 908  |x Studium oblastí a lokalit obecně  |2 Konspekt  |9 8 
072 7 |a 37.016  |x Učební osnovy. Vyučovací předměty. Učebnice  |2 Konspekt  |9 22 
080 |a 908  |2 MRF 
080 |a 37.016.026  |2 MRF 
080 |a (075.8)  |2 MRF 
100 1 |a Kancír, Ján  |7 mzk2015872567  |4 aut 
245 1 0 |a Základy didaktiky vlastivedy /  |c Ján Kancír, Alena Madziková 
250 |a 1. vyd. 
260 |a Prešov :  |b Prešovská univerzita,  |c 1999 
300 |a 153 s. :  |b il. ;  |c 21 cm 
490 1 |a Vysokoškolské učebné texty 
500 |a Určeno pro posl. Fak. humanitních a přírodních věd. - Bibliogr. 
541 |a Bratislava, Slovenská pedagogická knižnica 
650 0 7 |a vlastivěda  |7 ph137666  |2 czenas 
650 0 7 |a předmětová didaktika  |7 ph162893  |2 czenas 
655 7 |a učebnice vysokých škol  |7 fd133772  |2 czenas 
700 1 |a Madziková, Alena  |7 mzk2015872568  |4 aut 
710 2 |a Prešovská univerzita.  |b Fakulta humanitných a prírodných vied  |7 ko2007411585 
810 2 |a Prešovská univerzita.  |t Vysokoškolské učebné texty 
910 |a BOA001  |b 2-1069.075 
990 |a BK 
996 7 |b 2610108342  |c 2-1069.075  |l MZK  |r Sklad / do 1 hodiny  |n 12  |p vým  |w 000463406  |u 000010  |a 1  |e BOA001  |j MZK50  |s A